| 000 | 00668nam a2200121Ia 4500 | ||
|---|---|---|---|
| 008 | 220615s9999||||xx |||||||||||||| ||und|| | ||
| 245 | 0 | _aBrexit and Beyond – Rethinking the Futures of Europe | |
| 546 | _aEnglish[eng] | ||
| 650 | _apolitics||brexit||european integration||europe||Member state of the European Union | ||
| 700 | _aStaiger, Uta||Martill, Benjamin | ||
| 856 | _uhttps://library.oapen.org/bitstream/20.500.12657/30813/1/642667.pdf||https://library.oapen.org/bitstream/20.500.12657/30813/1/642667.pdf||https://library.oapen.org/bitstream/20.500.12657/30813/1/642667.pdf||https://library.oapen.org/bitstream/20.500.12657/30813/1/642667.pdf | ||
| 942 | _cEB | ||
| 999 |
_c9543 _d9543 |
||